| 000 | 00897nam a2200205Ii 4500 | ||
|---|---|---|---|
| 003 | JO-AjNU | ||
| 008 | 230605s9999||||xx |||||||||||||| ||und|| | ||
| 017 | _a2003/6/1213 | ||
| 040 |
_aJO-AjNU _bara _erda _cJO-AjNU |
||
| 041 | _aara | ||
| 050 | 1 | 4 | _aBP75.2.B3776.2004 |
| 100 | 3 |
_aالبرماوي،رعد محمود, _eauthor _924549 |
|
| 245 | 0 | 0 | _aقراءة جديدة في العهد المكي:دار الأرقم بن أبي الأرقم ،الهجرة الى الحبشة ، هجرة الرسول صلى الله عليه وسلم الى المدينة |
| 264 | 3 | 1 | _aاربد:دار الكتاب الثقافي ، دار المتنبي للنشر والتوزيع ، 2004 |
| 300 | _a170ص | ||
| 336 |
_atext _btxt _2rdacontent |
||
| 337 |
_aunmediated _bn _2rdamedia |
||
| 338 |
_avolume _bnc _2rdacarrier |
||
| 650 | 4 |
_aالسيرة النبوية-التاريخ الاسلامي _924550 |
|
| 999 |
_aA9058 _c12626 _d12626 |
||